Visegrad: from Intellectual Idea to Political Reality
Višegrádská štvorka sa dá charakterizovať ako zmes paradoxov a úspechov. Iniciovali ju bývalí disidenti - Walesa, Havel a Antall - získali svoju povesť a dosiahli svoje súčasné výšky prostredníctvom politických pragmatikov a populistov: Viktora Orbána, Roberta Fica a Jaroslawa Kaczynskeho. Krajiny V...
Salvato in:
| Autore principale: | |
|---|---|
| Natura: | Capitolo di libro |
| Lingua: | inglese |
| Soggetti: | |
| Tags: |
Nessun Tag, puoi essere il primo ad aggiungerne!!
|
MARC
| LEADER | 00000naa a2200000 4500 | ||
|---|---|---|---|
| 001 | 0249142 | ||
| 005 | 20181127073617.7 | ||
| 041 | 0 | |a eng | |
| 044 | |a SK | ||
| 245 | 1 | 0 | |a Visegrad: from Intellectual Idea to Political Reality |c Jaroslav Dianiška |
| 520 | |a Višegrádská štvorka sa dá charakterizovať ako zmes paradoxov a úspechov. Iniciovali ju bývalí disidenti - Walesa, Havel a Antall - získali svoju povesť a dosiahli svoje súčasné výšky prostredníctvom politických pragmatikov a populistov: Viktora Orbána, Roberta Fica a Jaroslawa Kaczynskeho. Krajiny V4 sú hlavnými obchodnými partnermi Nemecka, ale je to aj vzťah, ktorý je tiež kľúčovým testom moci v regióne, a to najmä nad konfliktnými záujmami (migračné krízy, reforma EÚ). Rusko zostáva problémom kvôli plynovodu Nord Stream 2, ktorý bude obchádzať strednú Európu a Ukrajinu. Myšlienka V4 bola navrhnutá tak, aby sledovala ciele a záujmy zahraničnej politiky a bola úspešná pri riešení miestneho nacionalizmu a konfrontácií. | ||
| 610 | 2 | 0 | |a Vyšehradská štvorka |
| 610 | 2 | 0 | |a politika medzinárodná |
| 610 | 2 | 0 | |a spolupráca medzinárodná |
| 610 | 2 | 0 | |a stredná Európa |
| 610 | 2 | 0 | |a kooperácia hospodárska medzinárodná |
| 100 | 1 | |a Dianiška, Jaroslav | |